The architectural decoration of Marina el-Alamein /

محفوظ في:

المؤلف الرئيسي: Czerner, Rafał (مؤلف)

التنسيق: كتاب

اللغة: English

منشور في: Oxford : Archaeopress, 2009.

سلاسل: BAR International Series ; 1942.
BAR ; 1942.

الموضوعات:

الوسوم: إضافة وسم

لا توجد وسوم, كن أول من يضع وسما على هذه التسجيلة!

رقم الطلب: DT154 .M37 C94 2009

LEADER 01008namaa2200301 4500
001 14237
003 OSt
005 20250805080133.0
008 130303s2009 enkab b 000 0 eng d
020 |a 9781407304229 
040 |c ARCE Library 
043 |a f-ua--- 
050 4 |a DT154 .M37 C94 2009 
100 1 |a Czerner, Rafał,  |e author 
245 1 4 |a The architectural decoration of Marina el-Alamein /  |c Rafał Czerner. 
264 1 |a Oxford :  |b Archaeopress,  |c 2009. 
300 |a xi, 132 pages :   |b illustration (some col.), maps ;   |c 30 cm. 
490 1 |a BAR International Series ;   |v 1942. 
490 1 |a BAR ;   |v 1942. 
504 |a Includes bibliographical references (pages 46-48). 
650 0 |a Decoration and ornament, Architectural  |z Egypt  |z Mārīnā. 
650 0 |a Excavations (Archaeology)  |z Egypt  |z Mārīnā. 
651 0 |a Mārīnā (Egypt)  |x Antiquities.  |9 18185 
830 0 |a BAR International Series ;   |v 1942. 
830 0 |a BAR ;   |v 1942. 
901 |a reviewed 
942 |c BK  |2 lcc 
999 |c 15017  |d 15017